Datum a čas kvízu
13.5
Celkem bodů
Celkový počet nahraných bodů na tomto kvízu bez doplňovacích otázek.
8.
Pořadí na kvízu
Konečné umístění týmu na tomto kvízu.
Zaznamenané odpovědi
| # | Otázka | Odpověď | Body | Výsledky |
|---|---|---|---|---|
| 1. | Jeden z řidičů Dopravního podn... | Reklama (hnutí SPD) vylepená na voze. | 0 | |
| 2. | V belgickém městě Verviers se... | srdce | 0 | |
| 3. | Pražské Národní muzeum zahájil... | Sluneční králové | 0 | |
| 4. | Přepestrou nabídku českých min... | Chrudim | 0 | |
| 5. | Úterní etapu Tour de France vy... | penalizace (za nepovolené občerstvování) | 1 | |
| 6. | „Arktida přinutí člověka, aby... | Robert Peary | 0 | |
| 7. | Snahy o prozkoumání polárních... | William Baffin | 0 | |
| 8. | „Svět kolem mne byl tak laskav... | Annapurna | 0 | |
| 9. | Roku 1938 byla poprvé pokořena... | Heinrich Harrer, Sedm let v Tibetu | 0 | |
| 10. | Podmořští výzkumníci Jacques P... | batyskaf | 0 |